Rozdiel historickej a implikovanej volatility opcií na praktickom príklade

Hodnoty opcií vypočítané na základe oceňovacieho modelu (napr. Black-Scholes) sa môžu významne líšiť od kótovaných cien opcií, pričom jedným z hlavných dôvodov môže byť rozdiel historickej a implikovanej (trhom očakávanej) volatility podkladového aktíva. Tento predpoklad bol overovaný na aktuálnych...

ver descrição completa

Na minha lista:
Detalhes bibliográficos
Autor principal: Záhorec, Andrej
Formato: Capítulo de Livro
Idioma:eslovaco
Assuntos:
Tags: Adicionar Tag
Sem tags, seja o primeiro a adicionar uma tag!

MARC

LEADER 00000nla$a2200000$$$4500
001 0111553
005 20231121082136.7
041 0 |a slo 
044 |a SK 
245 1 0 |a Rozdiel historickej a implikovanej volatility opcií na praktickom príklade  |c Andrej Záhorec 
520 |a Hodnoty opcií vypočítané na základe oceňovacieho modelu (napr. Black-Scholes) sa môžu významne líšiť od kótovaných cien opcií, pričom jedným z hlavných dôvodov môže byť rozdiel historickej a implikovanej (trhom očakávanej) volatility podkladového aktíva. Tento predpoklad bol overovaný na aktuálnych údajoch z trhu opcií na futures na newyorskej burze NYMEX (súčasť CME Group), kde podkladovým aktívom bola ropa Light Crude Oil. Near-the-money (NTM) opcie (jednu call, jednu put) s dátumom expirácie September 2010, s realizačnou cenou 76,5 USD/barrel. Hodnoty opcií vypočítané na základe oceňovacieho modelu (napr. Black-Scholes) sa môžu významne líšiť od kótovaných cien opcií, pričom jedným z hlavných dôvodov môže byť rozdiel historickej a implikovanej (trhom očakávanej) volatility podkladového aktíva. 
610 2 0 |a opcie 
610 2 0 |a volatilita 
610 2 0 |a trh finančný 
610 2 0 |a aktíva 
610 2 0 |a futurity 
100 1 |a Záhorec, Andrej